[Event "Yogyakarta Japfa"]
[Site "Yogyakarta"]
[Date "2019.06.17"]
[Round "7"]
[White "Khusnutdinov, Rustam"]
[Black "Raghunandan, Kaumandur Srihari"]
[Result "1-0"]
[WhiteElo "2471"]
[BlackElo "2442"]
[PlyCount "100"]
[EventDate "2019.06.13"]
[EventType "tourn"]
[EventRounds "11"]
[EventCountry "INA"]
[EventCategory "9"]
[SourceTitle "CBM 191 Extra"]
[Source "ChessBase"]
[SourceDate "2019.09.30"]
[SourceVersion "1"]
[SourceVersionDate "2019.09.30"]
[SourceQuality "1"]

1. d4 Nf6 2. c4 g6 3. Nc3 Bg7 4. e4 d6 5. Be2 0-0 6. Be3 c5 7. e5 Ne8 8. dxc5 Bxe5 9. Nf3 Bg7 10. 0-0 Nc6 11. Rc1 Be6 12. Qa4 Bd7 13. Qb3 dxc5 14. Bxc5 b6 15. Ba3 Nd6 16. Bxd6 exd6 17. Rcd1 Re8 18. Rfe1 Ne5 19. Qa3 Rc8 20. Nxe5 Bxe5 21. Nd5 Be6 22. Ne3 h5 23. b3 a5 24. Qa4 Bc3 25. Rf1 Bb4 26. Qb5 Bc5 27. Bf3 Bxe3 28. fxe3 Qc7 29. Qg5 Qc5 30. Qf4 Rcd8 31. Rd4 b5 32. cxb5 Qxb5 33. h3 Qc5 34. Rfd1 Bf5 35. Kh2 Re5 36. Rd5 Qxe3 37. Qxe3 Rxe3 38. Rxa5 Be6 39. Ra4 Kf8 40. Rad4 Ke7 41. Rc1 Rd7 42. Rc2 Ra7 43. Rcd2 Re5 44. Bd1 d5 45. Bf3 Ra3 46. Rc2 Kd6 47. b4 Re1 48. Rcd2 Ra1 49. Bxd5 Bxd5 50. Rxd5+ Ke6 1-0

[Event "Yogyakarta Japfa"]
[Site "Yogyakarta"]
[Date "2019.06.17"]
[Round "6"]
[White "Raghunandan, Kaumandur Srihari"]
[Black "Das, Arghyadip"]
[Result "1/2-1/2"]
[WhiteElo "2442"]
[BlackElo "2439"]
[PlyCount "85"]
[EventDate "2019.06.13"]
[EventType "tourn"]
[EventRounds "11"]
[EventCountry "INA"]
[EventCategory "9"]
[SourceTitle "CBM 191 Extra"]
[Source "ChessBase"]
[SourceDate "2019.09.30"]
[SourceVersion "1"]
[SourceVersionDate "2019.09.30"]
[SourceQuality "1"]

1. d4 d5 2. c4 e6 3. Nf3 Nf6 4. g3 dxc4 5. Bg2 c5 6. 0-0 Nc6 7. Ne5 Bd7 8. Na3 cxd4 9. Naxc4 Bc5 10. Bf4 0-0 11. Qb3 Bb6 12. Rfd1 Be8 13. e4 h6 14. h4 Rc8 15. Nxb6 axb6 16. Nc4 Na5 17. Nxa5 bxa5 18. Be5 a4 19. Qxb7 Bc6 20. Qa7 d3 21. Rac1 Bb5 22. Bc7 Qd7 23. Qb6 Ne8 24. Bf4 Nf6 25. Bd2 Rc2 26. Bf3 Rfc8 27. Bc3 Rxc1 28. Rxc1 Ne8 29. Rd1 a3 30. e5 Nc7 31. Qb7 Ba6 32. Qa7 axb2 33. Bxb2 Qb5 34. Qd4 Nd5 35. Bxd5 Qxd5 36. Qxd5 exd5 37. Rd2 Kf8 38. f4 Ke7 39. Kf2 Ke6 40. Ke3 h5 41. Bd4 Rc1 42. Rb2 Re1+ 43. Kd2 1/2-1/2

[Event "Yogyakarta Japfa"]
[Site "Yogyakarta"]
[Date "2019.06.16"]
[Round "5"]
[White "Raghunandan, Kaumandur Srihari"]
[Black "Priasmoro, Novendra"]
[Result "1/2-1/2"]
[WhiteElo "2442"]
[BlackElo "2457"]
[PlyCount "182"]
[EventDate "2019.06.13"]
[EventType "tourn"]
[EventRounds "11"]
[EventCountry "INA"]
[EventCategory "9"]
[SourceTitle "CBM 191 Extra"]
[Source "ChessBase"]
[SourceDate "2019.09.30"]
[SourceVersion "1"]
[SourceVersionDate "2019.09.30"]
[SourceQuality "1"]

1. d4 Nf6 2. c4 g6 3. Nc3 Bg7 4. e4 d6 5. h3 0-0 6. Be3 e5 7. d5 a5 8. g4 Na6 9. Nge2 Nd7 10. Qd2 Ndc5 11. Ng3 c6 12. Be2 cxd5 13. cxd5 a4 14. h4 a3 15. bxa3 Bd7 16. h5 Qa5 17. Kf1 Rfc8 18. hxg6 fxg6 19. Kg2 Nd3 20. Bxd3 Qxc3 21. Qe2 Nc5 22. Bb5 Bxb5 23. Qxb5 Rxa3 24. Rac1 Qa5 25. Rxc5 dxc5 26. Qd7 Rf8 27. Qe6+ Rf7 28. Rxh7 Kxh7 29. Qxf7 Qb6 30. Qe7 Qf6 31. Qxb7 c4 32. Qc7 Qa6 33. d6 Rd3 34. d7 Qd6 35. Qxc4 Qxd7 36. g5 Ra3 37. Bc5 Qc6 38. Qd5 Ra6 39. a3 Qc8 40. Bb4 Rc6 41. a4 Rc4 42. Qb5 Qc6 43. Qxc6 Rxc6 44. a5 Rc4 45. Bd6 Kg8 46. Kf3 Kf7 47. Nf1 Ke6 48. Ne3 Ra4 49. Bc7 Bf8 50. Nd5 Bc5 51. Bb6 Bd6 52. Ke3 Ra3+ 53. Ke2 Kd7 54. Kd2 Kc6 55. Ke2 Kb7 56. Ne3 Kc6 57. Nc4 Ra2+ 58. Kf3 Bb8 59. Ne3 Ra4 60. Nd5 Bd6 61. Bd8 Ra1 62. Bb6 Kb7 63. Kg2 Re1 64. Ne3 Be7 65. Kf3 Bxg5 66. Ng4 Bf4 67. Be3 Bxe3 68. fxe3 Rf1+ 69. Ke2 Rf8 70. Nxe5 g5 71. Nd7 Rf7 72. Ne5 Rf6 73. Nd7 Rd6 74. Ne5 Rf6 75. Nd7 Rf7 76. Ne5 Re7 77. Nd3 g4 78. Kf2 Kc6 79. e5 Kd5 80. Nf4+ Ke4 81. e6 Kf5 82. a6 Ra7 83. Kg3 Kg5 84. e4 Re7 85. Nd5 Rxe6 86. Nc7 Rxe4 87. a7 Re3+ 88. Kf2 Ra3 89. a8Q Rxa8 90. Nxa8 Kf4 91. Nb6 Ke5 1/2-1/2

[Event "Budapest FS05 GM"]
[Site "Budapest"]
[Date "2019.05.14"]
[Round "9"]
[White "Raghunandan, Kaumandur Srihari"]
[Black "Kosic, Dragan"]
[Result "1-0"]
[WhiteElo "2424"]
[BlackElo "2488"]
[PlyCount "31"]
[EventDate "2019.05.04"]
[EventType "tourn"]
[EventRounds "9"]
[EventCountry "HUN"]
[EventCategory "7"]
[SourceTitle "CBM 190 Extra"]
[Source "ChessBase"]
[SourceDate "2019.07.15"]
[SourceVersion "1"]
[SourceVersionDate "2019.07.15"]
[SourceQuality "1"]

1. e4 e6 2. d4 d5 3. Nc3 Nf6 4. e5 Nfd7 5. f4 c5 6. Nf3 Nc6 7. Be3 cxd4 8. Nxd4 Bc5 9. Qd2 0-0 10. 0-0-0 a6 11. Nb3 Bxe3 12. Qxe3 b5 13. Bd3 Qb6 14. Qh3 g6 15. Qh6 Nc5 16. f5 1-0

[Event "Budapest FS05 GM"]
[Site "Budapest"]
[Date "2019.05.13"]
[Round "8"]
[White "Fernandez, Daniel"]
[Black "Raghunandan, Kaumandur Srihari"]
[Result "0-1"]
[WhiteElo "2482"]
[BlackElo "2424"]
[PlyCount "66"]
[EventDate "2019.05.04"]
[EventType "tourn"]
[EventRounds "9"]
[EventCountry "HUN"]
[EventCategory "7"]
[SourceTitle "CBM 190 Extra"]
[Source "ChessBase"]
[SourceDate "2019.07.15"]
[SourceVersion "1"]
[SourceVersionDate "2019.07.15"]
[SourceQuality "1"]

1. e4 g6 2. d4 Bg7 3. Nc3 d6 4. Be3 a6 5. a4 Nf6 6. h3 0-0 7. Nf3 b6 8. Bc4 e6 9. Bg5 h6 10. Bh4 Bb7 11. Qe2 g5 12. Bg3 d5 13. Bd3 c5 14. dxc5 bxc5 15. 0-0-0 Nc6 16. h4 g4 17. Ne5 Nd4 18. Qe3 dxe4 19. Bc4 Nd5 20. Bxd5 exd5 21. Nxg4 f5 22. Ne5 Ne6 23. Ng6 d4 24. Nxf8 Qxf8 25. Qe2 dxc3 26. Qc4 cxb2+ 27. Kb1 Qf7 28. Rd6 Re8 29. Rhd1 Nd4 30. Qxf7+ Kxf7 31. Rb6 Bc8 32. Rd2 Ne6 33. Bb8 f4 0-1

[Event "Dubai op 21st"]
[Site "Dubai"]
[Date "2019.04.07"]
[Round "7"]
[White "Abdusattorov, Nodirbek"]
[Black "Raghunandan, Kaumandur Srihari"]
[Result "1-0"]
[WhiteElo "2560"]
[BlackElo "2352"]
[PlyCount "81"]
[EventDate "2019.04.01"]
[EventType "swiss"]
[EventRounds "9"]
[EventCountry "UAE"]
[SourceTitle "CBM 189 Extra"]
[Source "ChessBase"]
[SourceDate "2019.06.03"]
[SourceVersion "1"]
[SourceVersionDate "2019.06.03"]
[SourceQuality "1"]

1. e4 c5 2. Nf3 d6 3. d4 cxd4 4. Nxd4 Nf6 5. Nc3 a6 6. Be3 e5 7. Nb3 Be6 8. f3 h5 9. Qd2 Nbd7 10. 0-0-0 Rc8 11. Kb1 Be7 12. Bg5 Qc7 13. h4 b5 14. a3 Nb6 15. Bxf6 gxf6 16. Na5 Kf8 17. Be2 f5 18. f4 fxe4 19. Rhf1 exf4 20. Nxe4 d5 21. Ng5 Bxg5 22. hxg5 Rg8 23. Rxf4 Rxg5 24. Nb3 Rxg2 25. Nd4 Qe5 26. Nxe6+ Qxe6 27. Qb4+ Kg8 28. Bxh5 Rc4 29. Rxc4 Nxc4 30. Bf3 a5 31. Qc3 Rg3 32. Rh1 Ne5 33. Qc7 Rh3 34. Rg1+ Kh7 35. Bxd5 Qf5 36. Ka2 b4 37. Re1 Ng6 38. Bxf7 Kh6 39. Bxg6 Qxg6 40. Qf4+ Qg5 41. Re6+ 1-0

[Event "Dubai op 21st"]
[Site "Dubai"]
[Date "2019.04.06"]
[Round "6"]
[White "Raghunandan, Kaumandur Srihari"]
[Black "Kuzubov, Yuriy"]
[Result "0-1"]
[WhiteElo "2352"]
[BlackElo "2644"]
[PlyCount "142"]
[EventDate "2019.04.01"]
[EventType "swiss"]
[EventRounds "9"]
[EventCountry "UAE"]
[SourceTitle "CBM 189 Extra"]
[Source "ChessBase"]
[SourceDate "2019.06.03"]
[SourceVersion "1"]
[SourceVersionDate "2019.06.03"]
[SourceQuality "1"]

1. e4 c5 2. Nf3 Nc6 3. Bb5 Nf6 4. Nc3 Qc7 5. 0-0 Nd4 6. Re1 e5 7. Bc4 Be7 8. d3 0-0 9. Nd2 d6 10. Nf1 Bg4 11. f3 Be6 12. Ne3 Qd7 13. a4 Kh8 14. Ncd5 Bd8 15. a5 Rb8 16. c3 Nc6 17. Nxf6 Bxf6 18. Qa4 Bg5 19. Nd5 Bxc1 20. Raxc1 Qc8 21. a6 b6 22. Bb5 Bxd5 23. exd5 Ne7 24. d4 f6 25. Rcd1 Qc7 26. dxe5 fxe5 27. Re4 Ng6 28. Rf1 Nf4 29. Qd1 Rf6 30. g3 Nh3+ 31. Kg2 Ng5 32. Rg4 Nf7 33. Re4 Rf8 34. f4 Qc8 35. Bd3 exf4 36. Rexf4 Rxf4 37. Rxf4 Ne5 38. Rxf8+ Qxf8 39. Qf1 Qxf1+ 40. Bxf1 g6 41. Be2 Kg7 42. Kf2 Kf6 43. Ke3 Kf5 44. h3 Nf7 45. Bb5 Ke5 46. c4 Ng5 47. h4 Ne4 48. g4 h6 49. Bd7 g5 50. h5 Nf6 51. Be6 Ne8 52. Bd7 Nc7 53. Bc8 b5 54. b3 bxc4 55. bxc4 Ne8 56. Bd7 Nf6 57. Be6 Ne4 58. Bd7 Nc3 59. Bc8 Nd1+ 60. Kd2 Nb2 61. Kc3 Na4+ 62. Kd3 Nb6 63. Bf5 Kf4 64. Kc3 Na8 65. Kb3 Nc7 66. Bc8 Ke4 67. Kc3 Ke3 68. Bb7 Ne8 69. Bc8 Nf6 70. Bf5 Kf4 71. Kb3 Nxg4 0-1

[Event "Dubai op 21st"]
[Site "Dubai"]
[Date "2019.04.02"]
[Round "2"]
[White "Adly, Ahmed"]
[Black "Raghunandan, Kaumandur Srihari"]
[Result "0-1"]
[WhiteElo "2611"]
[BlackElo "2352"]
[PlyCount "106"]
[EventDate "2019.04.01"]
[EventType "swiss"]
[EventRounds "9"]
[EventCountry "UAE"]
[SourceTitle "CBM 189 Extra"]
[Source "ChessBase"]
[SourceDate "2019.06.03"]
[SourceVersion "1"]
[SourceVersionDate "2019.06.03"]
[SourceQuality "1"]

1. Nf3 Nf6 2. g3 g6 3. Bg2 Bg7 4. c4 0-0 5. d4 c5 6. 0-0 cxd4 7. Nxd4 d5 8. Na3 e5 9. Nf3 e4 10. Nd4 Qe7 11. b3 Rd8 12. Bb2 e3 13. f4 Nc6 14. Nxc6 bxc6 15. cxd5 Nxd5 16. Bxg7 Kxg7 17. Qc1 Bg4 18. Nc4 Qf6 19. Ne5 Bxe2 20. Re1 Ba6 21. Qxc6 Rac8 22. Qxf6+ Nxf6 23. Rxe3 Rc2 24. Nf3 Nd5 25. Re5 Nc3 26. Re7 Ne2+ 27. Kh1 Nc1 28. Re1 Nxa2 29. Re7 Bc8 30. Rae1 Rd7 31. h4 Rc1 32. Kh2 Rxe1 33. Rxe1 Bb7 34. Bh3 Rd3 35. Ne5 Rxb3 36. Rd1 Rb2+ 37. Kg1 Nc3 38. Rd7 Bd5 39. Bg4 Rb7 40. Rxb7 Bxb7 41. h5 a5 42. hxg6 hxg6 43. Nc4 a4 44. Bd7 Bd5 45. Na3 Kf6 46. Kh2 Ke7 47. Bh3 Kd6 48. g4 Kc5 49. Bf1 Bb3 50. Bd3 Kb4 51. Nb1 Nxb1 52. Bxb1 a3 53. Kg3 Kc3 0-1

[Event "Sharjah Masters 3rd"]
[Site "Sharjah"]
[Date "2019.03.30"]
[Round "9"]
[White "Raghunandan, Kaumandur Srihari"]
[Black "Adly, Ahmed"]
[Result "0-1"]
[WhiteElo "2352"]
[BlackElo "2611"]
[PlyCount "188"]
[EventDate "2019.03.22"]
[EventType "swiss"]
[EventRounds "9"]
[EventCountry "UAE"]
[SourceTitle "CBM 189 Extra"]
[Source "ChessBase"]
[SourceDate "2019.06.03"]
[SourceVersion "1"]
[SourceVersionDate "2019.06.03"]
[SourceQuality "1"]

1. e4 c6 2. d4 d5 3. e5 c5 4. dxc5 e6 5. Nf3 Bxc5 6. a3 Ne7 7. b4 Bb6 8. Bd3 Nbc6 9. Bb2 Ng6 10. 0-0 0-0 11. Re1 Bd7 12. c4 dxc4 13. Bxc4 Rc8 14. Nbd2 Nce7 15. b5 Nf5 16. Re4 a6 17. a4 axb5 18. axb5 Qe7 19. Qb3 Ra8 20. g3 Rxa1+ 21. Bxa1 Ra8 22. Bb2 Be8 23. Re2 Nf8 24. Ne4 Nd7 25. Bd3 Nc5 26. Nxc5 Qxc5 27. Rc2 Qe7 28. Kg2 Bd7 29. h3 h6 30. g4 Nh4+ 31. Nxh4 Qxh4 32. Qb4 h5 33. Qe4 hxg4 34. hxg4 g6 35. Qf4 Ra5 36. Bd4 Bd8 37. Bc3 Ra3 38. Qd4 Bg5 39. Be2 Be8 40. f4 Bd8 41. Qf2 Qxf2+ 42. Kxf2 Bb6+ 43. Kg2 Rb3 44. Bc4 Rb1 45. Bb2 Kg7 46. Kf3 Bd8 47. Bd3 Rd1 48. Ke2 Rh1 49. Kf3 Bb6 50. Ke4 Re1+ 51. Re2 Rd1 52. Rc2 Bd7 53. Be2 Rd5 54. Bc4 Rd1 55. Be2 Re1 56. Bc3 Rb1 57. Bb2 Kf8 58. Ba3+ Ke8 59. Bb2 Bc5 60. Rxc5 Rxb2 61. Ke3 Kd8 62. Bd3 b6 63. Rc3 Bxb5 64. Bxb5 Rxb5 65. Rc1 g5 66. fxg5 Rxe5+ 67. Kf4 Rc5 68. Ra1 Rc4+ 69. Kg3 b5 70. Ra8+ Rc8 71. Ra7 Rc7 72. Ra8+ Kd7 73. Kh4 Rb7 74. g6 fxg6 75. Kg5 b4 76. Kxg6 b3 77. Ra1 b2 78. Rb1 Ke7 79. g5 Rb5 80. Kh7 Rxg5 81. Rxb2 e5 82. Kh6 Kf6 83. Rb1 Rg2 84. Kh5 e4 85. Rb5 e3 86. Kh4 Rg1 87. Rb2 Kf5 88. Kh3 Ke4 89. Kh2 Rg5 90. Ra2 Kf3 91. Ra8 e2 92. Re8 e1Q 93. Rxe1 Kf2 94. Re4 Rh5+ 0-1